Théatre de Sophocle / (Record no. 165506)
[ view plain ]
| 000 -LEADER | |
|---|---|
| campo de control de longitud fija | 00962nam a22002055i 4500 |
| 001 - NÚMERO DE CONTROL | |
| campo de control | 165506 |
| 003 - IDENTIFICADOR DE NÚMERO DE CONTROL | |
| campo de control | ES-MaACL |
| 005 - FECHA Y HORA DE LA ÚLTIMA TRANSACCIÓN | |
| campo de control | 20250901031710.0 |
| 008 - DATOS DE LONGITUD FIJA--INFORMACIÓN GENERAL | |
| campo de control de longitud fija | 050901s1788 fr | |||||||| ||fre d |
| 040 ## - FUENTE DE CATALOGACIÓN | |
| Centro catalogador/agencia de origen | CAM |
| Lengua de catalogación | spa |
| Centro/agencia transcriptor | CAM |
| 100 0# - ENTRADA PRINCIPAL--NOMBRE DE PERSONA | |
| Nombre de persona | Sófocles. |
| 9 (RLIN) | 107023 |
| 245 10 - MENCIÓN DEL TÍTULO | |
| Título | Théatre de Sophocle / |
| Mención de responsabilidad, etc. | traduit en entier avec des remarques et un examen de chaque pièce ; précédé d'un Discours sur les difficultés qui se recontrent dans la traduction des poëtes tragiques Grecs, & d'une Vie de Sophocle par M. de Rochefort. |
| 260 ## - PUBLICACIÓN, DISTRIBUCIÓN, ETC. | |
| Lugar de publicación, distribución, etc. | A Paris : |
| Nombre del editor, distribuidor, etc. | chez Nyon l'aîné & Fils, |
| Fecha de publicación, distribución, etc. | 1788 ( |
| Fabricante | De l'Imprimerie de M. Lambert) |
| 300 ## - DESCRIPCIÓN FÍSICA | |
| Extensión | 2 v. (LX, 397; [4], 407, [1] p. ) ; |
| Dimensiones | 21 cm. |
| 596 ## - NOTA AL PIE DE IMPRENTA | |
| NOTA AL PIE DE IMPRENTA | Impresor consta en colofón. |
| 597 ## - NOTA DE DESCRIPCIÓN FÍSICA | |
| NOTA DE DESCRIPCIÓN FÍSICA | Sign.: []4, a-c8, d6, A-2A8, 2B7; []2, A-2B8, 2C4. |
| 700 1# - ENTRADA AGREGADA--NOMBRE PERSONAL | |
| Nombre de persona | Dubois de Rochefort, Guillaume, |
| Fechas asociadas al nombre | 1731-1788 |
| 9 (RLIN) | 154048 |
| 852 ## - LOCALIZACIÓN | |
| Ubicación | ES-MaACL |
| Número de control de estantería | R-2151-52 |
| Nota libre | -- Enc. pasta española. Olim: G-1411-12. |
| Estatus retirado | Estado de pérdida | Estado de daño | No para préstamo | Colección | Biblioteca de origen | Biblioteca actual | Ubicación en estantería | Fecha de adquisición | Total de préstamos | Signatura topográfica completa | Código de barras | Visto por última vez | Precio de reemplazo | Tipo de ítem Koha |
|---|---|---|---|---|---|---|---|---|---|---|---|---|---|---|
| Libros del s. XVIII | Biblioteca del Ateneo de Madrid | Biblioteca del Ateneo de Madrid | Depósito | 17/01/2008 | R-2151-52 | 1173566 | 23/02/2023 | 23/02/2023 | Libro impreso antiguo |
